Brawl Stars Brawlers - Updated (2026) - Statistics

General Stats
  • This quiz has been taken 647 times
  • The average score is 56 of 99
Answer Stats
Rarity Brawler % Correct
Starting Shelly
95%
Rare Colt
88%
Rare Nita
88%
Rare Bull
85%
Rare El Primo
83%
Legendary Crow
82%
Legendary Spike
82%
Legendary Leon
81%
Rare Rosa
81%
Ultra Legendary Kaze
80%
Rare Barley
79%
Rare Poco
79%
Rare Brock
78%
Epic Bo
76%
Mythic Buzz
76%
Super rare Dynamike
76%
Super rare Jessie
75%
Mythic Mortis
75%
Epic Emz
73%
Epic Edgar
72%
Epic Piper
72%
Epic Frank
71%
Super rare Darryl
70%
Super rare Rico
70%
Super rare Tick
70%
Super rare Penny
68%
Epic Mandy
67%
Legendary Meg
67%
Legendary Amber
66%
Legendary Surge
66%
Epic Bibi
65%
Super rare Gus
65%
Epic Pam
65%
Legendary Sandy
65%
Legendary Kenji
64%
Legendary Kit
64%
Super rare 8-Bit
63%
Super rare Carl
63%
Super rare Jacky
63%
Legendary Pierce
62%
Mythic Tara
61%
Legendary Cordelius
60%
Collab Buzz Lightyear
59%
Legendary Chester
59%
Legendary Draco
56%
Epic Gale
56%
Epic Stu
56%
Epic Bea
54%
Epic Colette
54%
Epic Nani
53%
Mythic Byron
52%
Mythic Fang
51%
Mythic Gene
51%
Epic Griff
51%
Epic Hank
51%
Mythic Lily
51%
Epic Bonnie
50%
Mythic Doug
50%
Epic Grom
49%
Epic Larry & Lawrie
49%
Epic Trunk
49%
Epic Angelo
48%
Epic Berry
48%
Epic Shade
48%
Epic Belle
47%
Mythic Mico
47%
Mythic Gigi
46%
Mythic Janet
46%
Mythic Max
46%
Mythic Chuck
45%
Mythic Mina
45%
Mythic Juju
44%
Mythic Lou
44%
Epic Maisie
44%
Epic Sam
44%
Mythic Sprout
44%
Mythic Willow
44%
Mythic Mr.P
43%
Epic Lola
42%
Epic Ash
41%
Mythic Ziggy
41%
Mythic Alli
40%
Mythic Otis
40%
Mythic Ruffs
40%
Mythic Squeak
40%
Mythic Charlie
39%
Epic Meeple
39%
Mythic Melodie
39%
Mythic Moe
39%
Epic Pearl
39%
Mythic Eve
38%
Mythic Gray
38%
Mythic Ollie
38%
Mythic Lumi
37%
Mythic R-T
37%
Mythic Buster
36%
Mythic Clancy
36%
Mythic Finx
33%
Mythic Jae-Yong
29%
No matching quizzes found
Score Distribution
Percent of People with Each Score
Percentile by Number Answered
Your Score History
You have not taken this quiz